000 00361nam a2200169Ia 4500
100 _aAthalye/A.S
650 _aMoulding
942 _cBK
366 _f20
654 _ainjection moulding
245 _aInjection Moulding
260 _bMulti tech publishers
_c1997
082 _a668.4
_bATH
300 _a548
546 _aENGLISH
_cInfo.Tech
999 _c32710
_d32710